| 000 | 00379pab a2200157 454500 | ||
|---|---|---|---|
| 008 | 180718b2017 xxu||||| |||| 00| 0 eng d | ||
| 100 | _aVombatkere, S.G. | ||
| 245 | _aIndia's sovereignty - have we lost it? | ||
| 260 | _c2017 | ||
| 300 | _ap.17-20. | ||
| 362 | _a8 Apr | ||
| 650 | _aSovereignty - India | ||
| 650 | _aSovereignty | ||
| 773 | _aMainstream | ||
| 909 | _a114462 | ||
| 999 |
_c114456 _d114456 |
||